• 首页
  • 本馆介绍
  • 公告通知
  • 最新文献
  • 馆藏检索
  • 电子资源
  • 读者导购
  • 参考咨询
  • 我的图书馆
  • 登录
  • 详细信息显示
  • 放入我的书架
  • 预约/预借图书
  • 作者相关作品
  • 分类相关作品
  • 丛书相关作品
  • 出版社相关作品

书目信息

  • 表格格式
  • 工作单格式
  • 卡片格式
题名:
旅游法规与实务教程
    
 
作者: 李建于 , 苟鑫 主编
分册:  
出版信息: 北京   对外经济贸易大学出版社  2008.08
页数: 185页
开本: 26cm
丛书名:
单 册:
中图分类: D922.296.1
科图分类:
主题词: 旅游业--法规--中国--教材 , 旅游业 , 法规
电子资源:
ISBN: 978-7-81134-170-6
000 00918nam0 2200265 450
001 010010019069
005 20091221084801.66
010    @a978-7-81134-170-6@dCNY19.00
100    @a20081010d2008 em y0chiy0110 ea
101 0  @achi
102    @aCN@b110000
105    @ay z 000yy
106    @ar
200 1  @a旅游法规与实务教程@9lu^ you fa gui yu shi wu jiao cheng@f李建于,苟鑫主编
210    @a北京@c对外经济贸易大学出版社@d2008.08
215    @a185页@d26cm
330    @a本书设置了课前导读、学习目标、重点与难点、典型案例分析、本章小结、简答题、案例实战题和附录等模块,旨在师生之间搭建起一个互动的平台,既便于教师讲授,又有利于增强学生的学习兴趣。
606 0  @a旅游业@x法规@y中国@j教材
606 0  @a旅游业
606 0  @a法规
690    @aD922.296.1@v4
701  0 @a李建于@9li jian yu@4主编
701  0 @a苟鑫@9gou xin@4主编
801  0 @aCN@bRENTIAN@c20091221
905    @b20797998-8003@dD922.296.1@e871@f6
    
    旅游法规与实务教程/李建于,苟鑫主编.-北京:对外经济贸易大学出版社,2008.08
    185页;26cm
    
    
    ISBN 978-7-81134-170-6:CNY19.00
    本书设置了课前导读、学习目标、重点与难点、典型案例分析、本章小结、简答题、案例实战题和附录等模块,旨在师生之间搭建起一个互动的平台,既便于教师讲授,又有利于增强学生的学习兴趣。
●
相关链接 在E读中查询图书 在五车中查询图书 在当当中查询图书 在豆瓣中查询图书


正题名:旅游法规与实务教程     索取号:D922.296.1/871         预约/预借

序号 登录号 条形码 馆藏地/架位号 状态 备注
1 797998   207979981   第一样本阅览室/ [索取号:D922.296.1/871] 在馆    
2 797999   207979990   第一借阅区/ [索取号:D922.296.1/871] 在馆    
3 798000   207980005   第一借阅区/ [索取号:D922.296.1/871] 在馆    
4 798001   207980014   第一借阅区/ [索取号:D922.296.1/871] 在馆    
5 798002   207980023   第一借阅区/ [索取号:D922.296.1/871] 在馆    
6 798003   207980032   密集书库-资源管理系/ [索取号:D922.296.1/871] 在馆    
唐山师范学院图书馆 欢迎您!
大连网信软件有限公司© 版权所有